Central Library OPAC University of Rajshahi

Three plays / (Record no. 20713)

MARC details
000 -LEADER
fixed length control field 00811mam a2200277ua 4500
001 - CONTROL NUMBER
control field 20713
003 - CONTROL NUMBER IDENTIFIER
rucl marc code BD-RjUL
005 - DATE AND TIME OF LATEST TRANSACTION
control field 20220328161429.0
008 - FIXED-LENGTH DATA ELEMENTS--GENERAL INFORMATION
fixed length control field 140302s1979 bg a 000 0 eng d
035 ## - SYSTEM CONTROL NUMBER
System control number (OCoLC)13602713
System control number (BD-RjUL)20775
040 ## - CATALOGING SOURCE
Original cataloging agency PAU
Transcribing agency PAU
Modifying agency NNC
-- BD-RjUL
Language of cataloging eng
041 ## - LANGUAGE CODE
Language code of text/sound track or separate title eng
082 00 - DEWEY DECIMAL CLASSIFICATION NUMBER
Classification number 822
Author mark and year AHT 1979
100 1# - MAIN ENTRY--PERSONAL NAME
Personal name Syeed, Ahmed.
9 (RLIN) 63955
245 00 - TITLE STATEMENT
Title Three plays /
Statement of responsibility, etc. by Sayeed Ahmad.
250 ## - EDITION STATEMENT
Edition statement 1st ed.
260 ## - PUBLICATION, DISTRIBUTION, ETC. (IMPRINT)
Place of publication, distribution, etc. Dacca :
Name of publisher, distributor, etc. Bangla Academy,
Date of publication, distribution, etc. 1979.
300 ## - PHYSICAL DESCRIPTION
Pagination 113 p., [3] leaves of plates :
Illustrations ill. ;
Size 22 cm.
500 ## - GENERAL NOTE
General note Previously published in various magazines, 1961-1967.
505 0# - FORMATTED CONTENTS NOTE
Formatted contents note The thing -- The milepost -- Survival.
650 ## - SUBJECT ADDED ENTRY--TOPICAL TERM
Topical term or geographic name as entry element Drama
General subdivision Collections.
9 (RLIN) 62821
Topical term or geographic name as entry element English drama.
9 (RLIN) 64004
942 ## - ADDED ENTRY ELEMENTS (KOHA)
Source of classification or shelving scheme Dewey Decimal Classification
Koha item type Books
Holdings
Lost status Source of classification or shelving scheme Damaged status Not for loan Collection code Permanent Location Current Location Shelving location Date acquired Source of acquisition Cost, normal purchase price Full call number Date last seen Copy number Koha item type Total Checkouts
  Dewey Decimal Classification   Not For Loan Non-fiction Central Library, University of Rajshahi Central Library, University of Rajshahi Reading Room 15/01/1985 Bangla academy 25.00 822 AHT 1979 02/03/2014 C-1 Books  
  Dewey Decimal Classification     Non-fiction Central Library, University of Rajshahi Central Library, University of Rajshahi General Stacks 29/06/1981 Eureka 25.00 822 AHT 1979 28/03/2022 C-2 Books  
  Dewey Decimal Classification     Non-fiction Central Library, University of Rajshahi Central Library, University of Rajshahi General Stacks 29/06/1981 Eureka 25.00 822 AHT 1979 28/03/2022 C-3 Books  
  Dewey Decimal Classification     Non-fiction Central Library, University of Rajshahi Central Library, University of Rajshahi General Stacks 29/06/1981 Eureka 25.00 822 AHT 1979 28/03/2022 C-4 Books  
  Dewey Decimal Classification     Non-fiction Central Library, University of Rajshahi Central Library, University of Rajshahi General Stacks 15/03/1980 Neamat Book Shop 25.00 822 AHT 1979 28/03/2022 C-5 Books